000 00526nam a2200145 i 4500
001 20505
003 ES-MaACL
005 20230906152321.0
007 t|
008 021113s1946 sp ||||1| spa d
245 0 0 _aAccidentes del trabajo en la industria
_bDecreto de 8 de octubre de 1932, conocido también con el nombre de Ley, y Reglamento para su aplicación de 31 de enero de 1933.
260 _aMadrid :
_bEdit. García Enciso,
_c1946 (
_fIselán)
300 _a135 p. ;
_c15 cm.
852 _aES-MaACL
_j1871-F-12
_bR.23092
999 _c20505
_d20505